000
00289nam a22001097a 4500
040
_c
SCME
100
_a
Xinjiang
_9
97653
245
_a
Historical witness to ethnic equality,unity and development in xinjiang
260
_a
China
_b
Foreign language press
300
_a
55p.
942
_2
ddc
_c
BK
999
_c
591126
_d
591126